| 000 | 00482nam a2200157Ia 4500 | ||
|---|---|---|---|
| 999 |
_c4307 _d4307 |
||
| 003 | OSt | ||
| 005 | 20200811142605.0 | ||
| 008 | 190216s9999||||xx |||||||||||||| ||und|| | ||
| 040 | _coclc | ||
| 082 |
_a519.502433 _bMIL/S |
||
| 100 |
_aMills, Richard L _94047 |
||
| 245 | 0 |
_aStatistics For Applied Economics And Business / _cRichard L Mills |
|
| 260 |
_bMcGraw Hill, _c1972. _aLondon: |
||
| 300 | _a618p | ||
| 942 |
_cBK _2ddc _h519.502433 _iMIL/S _k519.502433 _mMIL/S |
||